Спектральный МНК-алгоритм для измерения параметров геофизического сигнала; Измерительная техника; № 5

Dades bibliogràfiques
Parent link:Измерительная техника=Measurement Techniques: научно-технический журнал/ Российская Федерация, Федеральное агентство по техническому регулированию и метрологии (Ростехрегулирование) (Госстандарт России).— , 1940-1941, 1955-.— 0368-1025
№ 5.— 2002.— С. 5-9
Autor principal: Гусев А. В.
Altres autors: Козырева А. В., Милюков В. К.
Idioma:rus
Publicat: 2002
Col·lecció:Фундаментальные проблемы метрологии
Matèries:
Format: MixedMaterials Capítol de llibre
KOHA link:https://koha.lib.tpu.ru/cgi-bin/koha/opac-detail.pl?biblionumber=383638

MARC

LEADER 00000naa2a2200000 4500
001 383638
005 20231101063145.0
035 |a (RuTPU)RU\TPU\prd\9522 
090 |a 383638 
100 |a 20021226a2002 k y0rusy50 ca 
101 0 |a rus 
102 |a RU 
200 1 |a Спектральный МНК-алгоритм для измерения параметров геофизического сигнала  |f А. В. Гусев, А. В. Козырева, В. К. Милюков 
225 1 |a Фундаментальные проблемы метрологии 
320 |a Библиогр.: 11 назв. 
461 1 |0 (RuTPU)RU\TPU\prd\1509  |x 0368-1025  |t Измерительная техника  |l Measurement Techniques  |o научно-технический журнал  |f Российская Федерация, Федеральное агентство по техническому регулированию и метрологии (Ростехрегулирование) (Госстандарт России)  |d 1940-1941, 1955- 
463 1 |0 (RuTPU)RU\TPU\prd\6152  |t № 5  |v С. 5-9  |d 2002 
610 1 |a геофизические сигналы 
610 1 |a адаптивные МНК-алгоритмы 
610 1 |a помехи 
610 1 |a спектральная плотность 
610 1 |a литосферные деформации 
610 1 |a интерферометр-деформограф 
610 1 |a оценивание 
610 1 |a колебания Земли 
610 1 |a землетрясения 
675 |a 550.3.05  |v 3 
700 1 |a Гусев  |b А. В. 
701 1 |a Козырева  |b А. В. 
701 1 |a Милюков  |b В. К. 
801 1 |a RU  |b 63413507  |c 20021226  |g PSBO 
801 2 |a RU  |b 63413507  |c 20121217  |g RCR 
942 |c BK